| 000 | 00564nam a2200169 4500 | ||
|---|---|---|---|
| 001 | 126632 | ||
| 003 | ES-MaACL | ||
| 005 | 20230906192842.0 | ||
| 007 | t| | ||
| 008 | 070214q1952 ag r ||||1| spa d | ||
| 100 | 1 |
_aRevenga Carbonell, Antonio. _996402 |
|
| 245 | 1 | 0 |
_aNociones de Química _b: aplicada a la fotografía / _cAntonio Revenga Carbonell, José María Fernández Platero. |
| 260 |
_a[Buenos Aires] : _bDossat, _c[1952?] |
||
| 300 |
_a58 p. ; _c21 cm. |
||
| 700 | 1 |
_aFernández Platero, José María. _950002 |
|
| 852 |
_aES-MaACL _j1952-F-3 _bR.33464 |
||
| 999 |
_c126632 _d126632 |
||